00578 2200181 4500001002100000005001500021035002000036008004100056245011900097100002700216260003900243300001900282020002200301084002000323082001000343650002300353990002000376INLIS00000000000792220260424031149 a0010-0426000110260424 0 ind 1 aESQ (Emotional Spritual Quotient) :bRahasia Sukses Membangun Kecerdasan Emosi & Spritual /cAry Ginanjar Agustian aAgustian, Ary Ginanjar aJakarta :bPT. Arga Tilanta,c2016 a410 ;c23 x 15 a978-979-13287-7-7 a152.4 AGU E C.1 a152.4 4aEmosi dan Perasaan a260311200011262